More than 1 Million people-Yes or No? - Statistics

General Stats
  • This quiz has been taken 21 times
  • The average score is 25 of 40
Answer Stats
Hint Answer % Correct
Maldives No
90%
Estonia Yes
90%
Slovenia Yes
90%
Latvia Yes
90%
Albania Yes
90%
Gabon Yes
90%
Botswana Yes
90%
Fiji No
80%
Malta No
80%
Barbados No
80%
São Tomé and Príncipe No
80%
Jamaica Yes
80%
Comoros No
70%
Vanuatu No
70%
Seychelles No
70%
Kosovo Yes
70%
Guinea-Bissau Yes
70%
Lesotho Yes
70%
Soloman Islands No
60%
Luxembourg No
60%
Iceland No
60%
Samoa No
60%
Andorra No
60%
North Macedonia Yes
60%
Cape Verde No
50%
Bahamas No
50%
Eswatini Yes
50%
Trinidad and Tobago Yes
50%
Equatorial Guinea Yes
50%
Moldova Yes
50%
Gambia Yes
50%
Montenegro No
40%
Brunei No
40%
Djibouti Yes
40%
East Timor Yes
40%
Bahrain Yes
40%
Cyprus No
30%
Suriname No
30%
Belize No
30%
Mauritius Yes
30%
No matching quizzes found
Score Distribution
Percent of People with Each Score
Percentile by Number Answered
Your Score History
You have not taken this quiz